Vadya Yantra (Record no. 77445)

MARC details
000 -LEADER
fixed length control field 00338nam a2200145Ia 4500
008 - FIXED-LENGTH DATA ELEMENTS--GENERAL INFORMATION
fixed length control field 230917s9999||||xx |||||||||||||| ||und||
040 ## - CATALOGING SOURCE
-- 140098
Original cataloging agency VIVEKANANDA LIBRARY
041 ## - Language
-- English
082 ## - DDC NUMBER
Classification number 785 D491V
100 ## - MAIN ENTRY--PERSONAL NAME
Personal name Dav, B C
245 #0 - TITLE STATEMENT
Title Vadya Yantra
260 ## - PUBLICATION, DISTRIBUTION, ETC. (IMPRINT)
Place of publication, distribution, etc New Delhi
Name of publisher, distributor, etc National book trust
Date of publication, distribution, etc 1993
300 ## - PHYSICAL DESCRIPTION
Pages 122p. p.
942 ## - ADDED ENTRY ELEMENTS (KOHA)
Koha item type Books
Holdings
Withdrawn status Lost status Damaged status Not for loan Location (home branch) Sublocation or collection (holding branch) Date acquired Koha issues (times borrowed) Koha full call number Accession No. Koha date last seen Koha item type
        VIVEKANANDA LIBRARY VIVEKANANDA LIBRARY 21/02/2010 1 785 D491V 153114 15/11/2023 Books
        VIVEKANANDA LIBRARY VIVEKANANDA LIBRARY 21/02/2010   785 D491V 153115 17/09/2023 Books
© Designed and Maintained by Vivekananda Library, MDU Rohtak